Analýza nebankových subjektov
Nebankové subjekty, podľa spôsobu ich podnikania je možné rozdeliť na: nebankové subjekty, ktoré potrebujú financovať vlastnú podnikateľskú činnosť, nebankové subjekty, ktoré ponúkajú služby na finančnom trhu, firmy, ktoré ponúkajú získanie finančných prostriedkov (tiché spoločenstvo, úver). Charakt...
Gespeichert in:
| 1. Verfasser: | |
|---|---|
| Format: | Buchkapitel |
| Sprache: | Slowakisch Englisch |
| Schlagworte: | |
| Tags: |
Keine Tags, Fügen Sie das erste Tag hinzu!
|
MARC
| LEADER | 00000naa a2200000 4500 | ||
|---|---|---|---|
| 001 | r042076 | ||
| 005 | 20230426120038.0 | ||
| 041 | 0 | |a slo | |
| 041 | 0 | |a eng | |
| 044 | |a SK | ||
| 245 | 1 | 0 | |a Analýza nebankových subjektov |c Roman Scherhaufer |
| 520 | |a Nebankové subjekty, podľa spôsobu ich podnikania je možné rozdeliť na: nebankové subjekty, ktoré potrebujú financovať vlastnú podnikateľskú činnosť, nebankové subjekty, ktoré ponúkajú služby na finančnom trhu, firmy, ktoré ponúkajú získanie finančných prostriedkov (tiché spoločenstvo, úver). Charakteristika činnosti niektorých predstaviteľov jednotlivých skupín. | ||
| 610 | 2 | 0 | |a subjekty nebankové |
| 610 | 2 | 0 | |a Slovensko |
| 610 | 2 | 0 | |a občania |
| 610 | 2 | 0 | |a vklady |
| 100 | 1 | |a Scherhaufer, Roman | |